| 000 | 00665nam a22001575i 4500 | ||
|---|---|---|---|
| 001 | 170731 | ||
| 003 | ES-MaACL | ||
| 005 | 20230906214439.0 | ||
| 008 | 090401s1851 sp |||| | spa d | ||
| 080 | _a821.134.2-2"18" | ||
| 100 | 1 |
_aOliver, Francisco. _9139712 |
|
| 245 | 1 | 0 |
_aTres noches ó el alma de una artista _b: comedia original en 3 actos / _cde Francisco Oliver. |
| 260 |
_aMadrid : _b[s.n.], _c1851 ( _fImp. de la Viuda de Antonio Yenes) |
||
| 300 |
_a39 p. ; _c19 cm. |
||
| 852 |
_aES-MaACL _jF-8557(11) _zEnc. pasta española _q.- Falto de la cub. original _z.- Enc. en un vol. facticio, formando parte de la col. facticia "Teatro español moderno" v. 9 |
||
| 999 |
_c170731 _d170731 |
||